000
00314nam a2200133Ia 4500
008
221030s9999 xx 000 0 und d
041
_a
English
082
_a
105.23
100
_a
Aditi Khajura/391
245
0
_a
GLADNI GRID STATION (520MVA, 2201 I321 33KV)
260
_a
Jammu
_c
2001
650
_a
EE
942
_c
TH
999
_c
2759
_d
2759